Rock Song To Artist #1 - Statistics

General Stats
  • This quiz has been taken 135 times
  • The average score is 10 of 20
Answer Stats
Hint Answer % Correct
Lithium Nirvana
77%
Buddy Holly Weezer
76%
November Rain Guns N' Roses
68%
Layla Derek And The Dominos
67%
Scar Tissue Red Hot Chili Peppers
61%
War Pigs Black Sabbath
57%
One Metallica
57%
When I Come Around Green Day
55%
Champagne Supernova Oasis
55%
The Kids Aren't Alright The Offspring
54%
Symphony Of Destruction Megadeth
45%
Lola The Kinks
45%
I Saw Her Standing There The Beatles
44%
Roundabout Yes
34%
The Joker Steve Miller Band
33%
Dr. Feelgood Mötley Crüe
32%
Highway Star Deep Purple
28%
Separate Ways Journey
26%
One Of These Nights Eagles
21%
Dance The Night Away Van Halen
18%
No matching quizzes found
Score Distribution
Percent of People with Each Score
Percentile by Number Answered
Your Score History
You have not taken this quiz